Ends in 'ACE' Quiz Stats

 Plays Quiz Updated Sep 18, 2018

Score 0/16 Timer 04:00
2 Plays Today
Clue Word % Correct
An often 'Amazing' contest of speedRace
94.1%
Apparently, it is the final frontierSpace
88.9%
A threat or show of intention to inflict harm, especially by kids named DennisMenace
84.7%
A pained or ugly facial expression or McDonald's characterGrimace
81.5%
A heavy spiked staff or club used especially in the Middle AgesMace
80.1%
To hug or take up readily or gladlyEmbrace
75.8%
An enclosed structure in which heat is producedFurnace or Fireplace
73%
A rate of movement or progressPace
70.4%
Clue Word % Correct
The introductory remarks of a speaker or authorPreface
69.6%
All we are saying, is give this a chancePeace
68%
Hopefully you are trying to save this virtue coming from GodGrace
59.6%
A large stately house or official residence of a chief of statePalace
54.3%
A source of relief or consolation, sometimes comes in quantumsSolace
51%
The common people; the massesPopulace
42.4%
The exterior of an object or bodySurface
30%
a relatively level paved or planted area adjoining a buildingTerrace
28.8%

You're not logged in!

Compare scores with friends on all Sporcle quizzes.
OR
Log In

Sporcle TV

Today on Sporcle TV


Watch our educational content, quiz creation guides, and fun videos on Sporcle TV.

Show Comments

Extras

Top Quizzes Today


Score Distribution

Your Account Isn't Verified!

In order to create a playlist on Sporcle, you need to verify the email address you used during registration. Go to your Sporcle Settings to finish the process.

Report this User

Report this user for behavior that violates our Community Guidelines.

Details: